Relaxačno - športové centrum a wellness - interiér, Rakúsko
Salvato in:
| Autore principale: | |
|---|---|
| Altri autori: | |
| Natura: | Manoscritto Libro |
| Lingua: | slovacco |
| Pubblicazione: |
Bratislava :
STU v Bratislave FA,
2010
|
| Soggetti: | |
| Accesso online: | VAIS |
| Tags: |
Nessun Tag, puoi essere il primo ad aggiungerne!!
|
MARC
| LEADER | 00000ntm a22000003a 4500 | ||
|---|---|---|---|
| 001 | stu218876 | ||
| 005 | 20220224090545.4 | ||
| 008 | 101207s2010----xo------------------slo-d | ||
| 040 | |a STU |b slo | ||
| 041 | 0 | |a slo | |
| 044 | |a xo | ||
| 100 | 1 | |a Bášková, Dáša, |d 1980- |4 aut |u A |T FAD Fakulta architektúry |X 15557 |U A |Y 50 |7 A000015557 | |
| 242 | 0 | 0 | |a Relax - Sport Center and Wellness - Interior |y eng |
| 245 | 1 | |a Relaxačno - športové centrum a wellness - interiér, Rakúsko | |
| 260 | |a Bratislava : |b STU v Bratislave FA, |c 2010 | ||
| 650 | 7 | |a architektúra |2 stusub | |
| 650 | 7 | |a architecture |2 estusub | |
| 650 | 7 | |a interior |2 estusub | |
| 650 | 7 | |a wellness |2 estusub | |
| 650 | 7 | |a interiér |2 stusub | |
| 700 | 1 | |a Morávková, Katarína, |d 1965- |4 ths |u A5150 |U FAD Fakulta architektúry |T FA Ústav interiéru a výstavníctva |X 422 |U A5150 |Y 396 |7 A000000422 | |
| 856 | 4 | |a info a plný text |u http://is.stuba.sk/zp/portal_zp.pl?podrobnosti=62953 |u https://opac.crzp.sk/?fn=detailBiblioForm&sid=706B7159B114D32C9CBC9E92A485 |3 VAIS | |